| 000 | 01574cam a22003498a 4500 | ||
|---|---|---|---|
| 005 | 20260322212028.0 | ||
| 008 | data | ||
| 010 | _a 2012033554 | ||
| 020 | _a9781455527748 | ||
| 020 | _a9781455527755 (pbk.) | ||
| 020 | _a9781455527731 (ebook) | ||
| 020 | _a1455527742 | ||
| 040 |
_aDLC _cDLC |
||
| 042 | _apcc | ||
| 050 | 0 | 0 |
_aBR1725.K665 _bA3 2013 |
| 082 | 0 | 0 |
_aB _aB _223 |
| 099 | _aKOPPH | ||
| 100 | 1 |
_aKopp, Heather Harpham, _d1964- |
|
| 245 | 1 | 0 |
_aSober mercies : _bhow love caught up with a christian drunk / _cHeather Harpham Kopp. |
| 260 |
_aNew York : _bJericho Books, _cc2013. |
||
| 263 | _a1305 | ||
| 300 | _ap. cm. | ||
| 505 | 0 | _aWaking up in the guest room -- Crisis in Kmart -- Praise God for grapes -- Blackout bottom -- Toasting the truth -- Panic in pueblo -- Shock of sober sex -- Drunks like me -- Proof of life -- Pine sol, sweat and fears -- Big empty -- Not my father's daughter -- Family table -- Shining example -- Drinking at Dave -- Duh -- Empty man-hole -- Pillowcase of grace -- Penance by potatoes -- Weekend from hell -- Treading this miracle -- Here is where we go from here. | |
| 600 | 1 | 0 |
_aKopp, Heather Harpham, _d1964- |
| 650 | 0 | _aChristian biography. | |
| 650 | 0 |
_aAlcoholics _xReligious life. |
|
| 906 |
_a7 _bcbc _corignew _d1 _eecip _f20 _gy-gencatlg |
||
| 925 | 0 |
_aacquire _b2 shelf copies _xpolicy default |
|
| 955 |
_drc06 2012-10-09 to Dewey (telework) _wrd06 2012-10-09 |
||
| 963 | _aMelanie Gold; phone: 212-364-1110; email: [email protected]; bc: [email protected] | ||
| 001 | data | ||
| 999 |
_c649 _d649 |
||